00558nam a2200157 i 4500001000700000003000900007007000300016008004100019100003500060245006700095260003400162300004500196852002100241999001900262952011900281100774ES-MaACLt|051005q19101920fr ||||1| fre d1 aMathuisieulx, H. M. de.97905913aLa Tripolitaine d'hier et de demain / cH. M. de Mathuisieulx. aParis : bF. Schmidt, c1912. aVIII, 215 p., 32 lám., 3 h. ; c19 cm. aES-MaACLjB-2749 c100774d100774 00104070aATENEOMbATENEOMcSPBd2008-01-17eSCl0oB-2749p1105212r2023-02-23 00:00:00w2023-02-23yMONOGRAFIA